Los nuevos medios de comunicación en la enseñanza moderna/ (Registro nro. 9644)

Detalles MARC
000 -LEADER
fixed length control field 00949nam a2200205Ia 4500
005 - FECHA Y HORA DE LA ÚLTIMA TRANSACCIÓN
control field 20231005165045.0
008 - FIXED-LENGTH DATA ELEMENTS--GENERAL INFORMATION
fixed length control field 231003s9999 xx 000 0 und d
040 ## - CATALOGING SOURCE
Original cataloging agency UPAN
Transcribing agency Biblioteca San Vicente
Description conventions RCAA15
041 ## - LANGUAGE CODE
Language code of text/sound track or separate title spa
082 ## - DEWEY DECIMAL CLASSIFICATION NUMBER
Classification number 371.302 82
Item number R677n
año de publicación 1970
100 ## - MAIN ENTRY--PERSONAL NAME
Personal name Rossi, Peter H.
Relator code aut.
245 #0 - TITLE STATEMENT
Title Los nuevos medios de comunicación en la enseñanza moderna/
Remainder of title Peter H. Rossi
250 ## - EDITION STATEMENT
Edition statement 1ª ed.
260 ## - PUBLICATION, DISTRIBUTION, ETC. (IMPRINT)
Place of publication, distribution, etc Buenos Aires:
Name of publisher, distributor, etc Paidos,
Date of publication, distribution, etc 1970
300 ## - PHYSICAL DESCRIPTION
Extent 455 p.;
Dimensions 20 cm.
505 ## - FORMATTED CONTENTS NOTE
Formatted contents note Primera parte. Panorama general<br/>Segunda parte. Desarrollos tecnológicos recientes y futuros<br/>Tercera parte. El impacto de los nuevos medios en los sistemas escolares<br/>Cuarta parte. El impacto de los nuevos medios sobre otros aspectos de la educacion Norteamericana <br/>Quinta parte. Consecuencias generales para la sociedad Norteamericana
650 ## - SUBJECT ADDED ENTRY--TOPICAL TERM
Source of heading or term LEMB
Topical term or geographic name as entry element Comunicación
General subdivision Enseñanza
700 ## - ADDED ENTRY--PERSONAL NAME
Personal name Bruce J. Biddel
Relator code col.
942 ## - ADDED ENTRY ELEMENTS (KOHA)
Koha item type Libros
Source of classification or shelving scheme Dewey Decimal Classification
Existencias
Withdrawn status Lost status Source of classification or shelving scheme Damaged status Not for loan Collection code Home library Current library Date acquired Total Checkouts Full call number Barcode Date last seen Copy number Price effective from Koha item type
    Dewey Decimal Classification     Colección General Biblioteca UPAN San Vicente Biblioteca UPAN San Vicente 03/10/2023   371.302 82 R677n 12001348 03/10/2023 01 03/10/2023 Libros